Scotland 2026 World Cup Squad - Statistics

General Stats
  • This quiz has been taken 10 times
  • The average score is 20 of 27
Answer Stats
Hint Answer % Correct
DF Kieran Tierney
100%
GK Angus Gunn
89%
MF Billy Gilmour
89%
FW Che Adams
89%
DF Grant Hanley
89%
MF John McGinn
89%
DF John Souttar
89%
MF Scott McTominay
89%
DF Andy Robertson
78%
GK Craig Gordon
78%
MF Kenny McLean
78%
FW Lyndon Dykes
78%
DF Nathan Patterson
78%
DF Scott McKenna
78%
Steve Clarke
78%
DF Anthony Ralston
67%
MF Findlay Curtis
67%
FW George Hirst
67%
FW Lawrence Shankland
67%
MF Lewis Ferguson
67%
GK Liam Kelly
67%
MF Ben Gannon-Doak
56%
DF Dom Hyam
56%
DF Jack Hendry
56%
DF Aaron Hickey
44%
MF Ryan Christie
44%
FW Ross Stewart
33%
No matching quizzes found
Score Distribution
Percent of People with Each Score
Percentile by Number Answered
Your Score History
You have not taken this quiz